000 01161nam a2200277 a 4500
001 000023033
005 20200930021938.0
008 101124s1994 mx r 000 | spa d
020 _a9686599622
040 _aDO-SdBNP
_bspa
_cBNPHU
082 _a338.9
_bP187e
100 1 _aPanayotou, Theodore
_947389
245 1 0 _aEcología, medio ambiente y desarrollo :
_bdebate crecimiento versus conservación /
_cTheodore Panayotou; cuidado de edición por María Elsa López Paniagua; prólogo de Oscar Arias; traducción de Angel Carlos González Ruiz.
260 _aMéxico D. F. :
_bGernika,
_c1994.
300 _a217 p. ;
_c22 cm.
490 1 _aEcología
534 _aTítulo original :
_tGreen markets- the economics of sustainable development
650 4 _aPolítica ambiental
_xAspectos económicos
_947390
650 4 _xAspectos económicos
_aMedio ambiente
_947391
700 1 _aLópez Paniagua, María Elsa
_eed.
_944716
700 1 _aArias, Oscar
_epról
_945812
700 1 _aGonzález Ruiz, Angel Carlos
_etr.
_98969
730 0 _aGreen markets-the economics of sustainable development
_lespañol
_947392
830 0 _aEcología
_947393
049 _aBNGR
999 _c22530
_d22530